logo

Bir Sreshtho Munshi Abdur Rouf Library
Jhenaidah Cadet College

বাংলার মুসলমানদের ইতিহাস (১৯৫৭-১৯৪৭) / (Record no. 7108)

MARC details
000 -LEADER
fixed length control field 00756nam a22002177a 4500
001 - CONTROL NUMBER
JCCL Control Number 7108
003 - CONTROL NUMBER IDENTIFIER
JCCL marc code BD-JhCC
005 - DATE AND TIME OF LATEST TRANSACTION
control field 20180304121935.0
008 - FIXED-LENGTH DATA ELEMENTS--GENERAL INFORMATION
fixed length control field 180205b xxu||||| |||| 00| 0 eng d
035 ## - SYSTEM CONTROL NUMBER
system control number (BD-JhCC)7108
040 ## - CATALOGING SOURCE
Original cataloging agency BD-JhCC
Modifying agency BD-JhCC
041 ## - LANGUAGE CODE
Language code of Book eng
082 ## - DEWEY DECIMAL CLASSIFICATION NUMBER
Classification number 956
Author mark and Year RAH 1976
100 ## - MAIN ENTRY--PERSONAL NAME
Personal name রহিম, ডঃ মুহম্মদ আবদুর
245 ## - TITLE STATEMENT
Title বাংলার মুসলমানদের ইতিহাস (১৯৫৭-১৯৪৭) /
Statement of responsibility, etc ডঃ মুহম্মদ আবদুর রহিম
260 ## - PUBLICATION, DISTRIBUTION, ETC. (IMPRINT)
Place of publication, distribution, etc ঢাকা :
Name of publisher, distributor, etc ইষ্টার্ন প্রিন্টিং প্রেস,
Date of publication, distribution, etc 1976.
300 ## - PHYSICAL DESCRIPTION
Pagination 332 p. :
Dimensions 22 cm.
650 ## - SUBJECT ADDED ENTRY--TOPICAL TERM
Topical term or geographic name as entry element History of Muslim
942 ## - ADDED ENTRY ELEMENTS (KOHA)
Source of classification or shelving scheme Dewey Decimal Classification
Koha item type Books
Holdings
Source of classification or shelving scheme Damaged status Not for loan Home library Current library Shelving location Date of accession Total Checkouts Full call number Barcode Date last seen Copy number Koha item type Cost, normal purchase price
Dewey Decimal Classification     JCC Rouf Library JCC Rouf Library General Stacks 02/04/2018   956 RAH 1976 9475 02/05/2018 C - 1 Books  
Dewey Decimal Classification     JCC Rouf Library JCC Rouf Library General Stacks 03/04/2018   956 RAH 1976 11554 03/04/2018 C-2 Books 30.00

JCC Library | Contacts | JCC Home

Last Update on 23 September 2017
Copyright @ 2017-2020 JCC Rouf Library
Rouf Library, Jhenidah Cadet College (JCC), Bangladesh